| Registos Bibliográficos associados ao registo de autoridade |
|
Etiqueta de registo: 00254nam 2200025 450 001 2284222 003 http://id.bnportugal.gov.pt/bib/catbnp/2284222 010 ## $a978-989-53980-1-0 021 ## $aPT$b518559/23 100 ## $a20260413d2023 m y0pory01030103ba 101 0# $apor 102 ## $aPT 105 ## $ay z 000zy 106 ## $ar 200 1# $a O declínio das fábulas.$hVol. I$fRui Calisto$gpref. Joana Cavaco 205 ## $a1ª ed 210 #9 $a[S.l.]$cEditora Martins Fontes Portugal,$d2023 215 ## $a109, [3] p.$d23 cm 675 ## $a821.134.3-92"20"$vBN$zpor$31049730 675 ## $a352(469.325)"2017"(046)$vBN$zpor$31996584 675 ## $a323(469.325)"2017"(046)$vBN$zpor$31996583 700 #1 $aCalisto,$bRui,$f1965-$31173340 702 #1 $aCavaco,$bJoana$4080$31995515 801 #0 $aPT$bBN$gRPC 856 41 $uhttp://rnod.bnportugal.gov.pt/ImagesBN/winlibimg.aspx?skey=&doc=2284222&img=221602&save=true 900 ## $aBIBNAC$d20260428 966 ## $lBN$mFGMON$sS.C. 169008 V.$x1 971 ## $cssilva$d20260413 972 ## $e0$z0$d20260428$vlrevez 973 ## $caalmeid$d20260422
|
|
|